000 00310nam a22001457a 4500
008 211011b ||||| |||| 00| 0 eng d
020 _a0395254507
041 _aeng
080 _a371
082 _a371
100 _a46
101 _aEDU
245 _aA Contemporary Rhetoric
_cHairston,M
942 _2udc
_cBK
999 _c58137
_d58137